Okonomisk utsyn over aret 1982
Gespeichert in:
| Format: | Buch |
|---|---|
| Sprache: | Norwegisch |
| Veröffentlicht: |
Oslo
Statistisk sentralbyra
1983
|
| Tags: |
Keine Tags, Fügen Sie das erste Tag hinzu!
|
MARC
| LEADER | 00000nam a2200000 4500 | ||
|---|---|---|---|
| 001 | c131230 | ||
| 005 | 20221220090749.8 | ||
| 041 | 0 | |a nor | |
| 044 | |a NO | ||
| 245 | 1 | 0 | |a Okonomisk utsyn over aret 1982 |
| 264 | 1 | |a Oslo |b Statistisk sentralbyra |c 1983 | |
| 300 | |a 157 s. |e 31 s. príl. | ||